Aprovechamiento sostenible de recursos no maderables en bosque húmedo tropical (Registro nro. 2370)

Detalles MARC
000 -CABECERA
Campo de control 00904nam a2200265 a 4500
005 - FECHA Y HORA DE LA ULTIMA TRANSACCION
Campo de control 20200104041531.0
008 - ELEMENTOS DE LONGITUD FIJA—INFORMACION GENERAL
Campo de control 140305b1996 wau||||| |||| 00| 0 eng d
040 ## - FUENTE DE CATALOGACIÓN
Agencia catalogadora original CO-BoIAVH
Agencia transcriptora CO-BoIAVH
041 ## - IDIOMA
Código de idioma para texto/pista de sonido o título separado Español
044 ## - PAÍS DE PUBLICACIÓN
País de publicación Estados Unidos
082 14 - NUMERO DE CLASIFICACION DECIMAL DEWEY
Número de clasificación 582.16
Número del ítem P48a
100 1# - ASIENTO PRINCIPAL--NOMBRE PERSONAL
Nombre personal Peters, Charles M.
9 (RLIN) 15215
245 10 - MENCION DE TITULO
Título Aprovechamiento sostenible de recursos no maderables en bosque húmedo tropical
Parte restante del título un manual ecológico
260 ## - PUBLICACION, DISTRIBUCION, ETC. (PIE DE IMPRENTA)
Lugar de publicación, distribución, etc. Washington:
Nombre del editor, distribuidor, etc. Programa de Apoyo a la Biodiversidad,
Fecha de publicación, distribución, etc. 1996.
300 ## - DESCRIPCION FISICA
Extensión 47 páginas.
490 ## - MENCION DE SERIE
Mención de serie Serie general del programa de apoyo a la biodiversidad
Designación numérica/secuencial del volumen 2
650 1# - ASIENTO SECUNDARIO DE MATERIA - TERMINO TEMATICO
Término temático o nombre geográfico como elemento de entrada Uso sostenible
9 (RLIN) 344
650 1# - ASIENTO SECUNDARIO DE MATERIA - TERMINO TEMATICO
Término temático o nombre geográfico como elemento de entrada Productos no maderables
9 (RLIN) 4464
650 1# - ASIENTO SECUNDARIO DE MATERIA - TERMINO TEMATICO
Término temático o nombre geográfico como elemento de entrada Bosque húmedo tropical
9 (RLIN) 3501
650 1# - ASIENTO SECUNDARIO DE MATERIA - TERMINO TEMATICO
Término temático o nombre geográfico como elemento de entrada Manual de métodos
9 (RLIN) 8566
650 1# - ASIENTO SECUNDARIO DE MATERIA - TERMINO TEMATICO
Término temático o nombre geográfico como elemento de entrada Bosques tropicales
9 (RLIN) 73702
650 1# - ASIENTO SECUNDARIO DE MATERIA - TERMINO TEMATICO
Término temático o nombre geográfico como elemento de entrada Arboles
9 (RLIN) 73703
650 1# - ASIENTO SECUNDARIO DE MATERIA - TERMINO TEMATICO
Término temático o nombre geográfico como elemento de entrada Recursos forestales no maderables
9 (RLIN) 6730
942 ## - ELEMENTOS ADICIONALES (KOHA)
Tipo de ítem Libro
Sistema de clasificación Dewey Decimal Classification
Existencias
Withdrawn status Lost status Sistema de Clasificación Damaged status No para préstamo Colección Inventariado Ubicación Permanente Ubicación actual Fecha de adquisición Fuente de Valor Valor Total Checkouts Número topográfico Inventario / Código de Barras Date last seen Ejemplar Price effective from Forma de adquisición Tipo de material
    Dewey Decimal Classification     General Inventariado 2017 Bogotá Bogotá 26/06/2001 Instituto 39000.00   LB-582.16 P48a 002932 04/12/2012 Ej. 1 04/12/2012 Donación Libro